Nigeria True or False? - Statistics

General Stats
  • This quiz has been taken 171 times
    156 since last reset
  • The average score is 10 of 15
Answer Stats
Question Answer % Correct
Nigeria has coast on the Gulf of Guinea True
86%
Lagos was the capital of Nigeria until 1991 True
83%
There is a large monolith called Zuma Rock just west of Abuja True
83%
Nollywood, Nigeria's film industry, is one of the biggest in the world True
79%
Nigeria is a former colony of the French Colonial Empire False
76%
Nigeria's population is projected to surpass the United States' by the year 2050 True
72%
Benin City is in Nigeria True
72%
Nigeria gets its name from the Niger River that runs through the country True
72%
Nigeria's flag is orange, green and white False
69%
Nigeria uses the dollar as its currency False
66%
Urdu is a language spoken by over 45 million Nigerians False
66%
Nigeria shares a land border with Chad True
62%
Nigeria left the Commonwealth of Nations in 2010 False
55%
Kano is Nigeria's third largest city by population False
41%
Nigerians drive on the left side of the road False
38%
No matching quizzes found
Score Distribution
Percent of People with Each Score
Percentile by Number Answered
Your Score History
You have not taken this quiz since the last reset